000 00270nam a22001217a 4500
008 181102b xxu||||| |||| 00| 0 eng d
041 _aeng
080 _23 TH
_a316
100 _a50
101 _aSOC
245 _aFundamentals Logic
_cCarney.J.D
942 _2udc
_cBK
999 _c51586
_d51586